Nombra la subdivisión de primer nivel y país - Estadísticas

Estadísticas generales
  • Esta prueba ha sido intentada 36 veces
  • La puntuación promedio es 22 de 30
Estadísticas de respuestas
Imagen Respuesta % Correcto
California
100%
Cataluña
94%
México
94%
Canadá
91%
España
91%
Estados Unidos
91%
Italia
91%
Reino Unido
91%
Gales
88%
Alemania
85%
Argentina
85%
Baja California
85%
China
85%
Finlandia
85%
Francia
85%
India
85%
Brasil
82%
Japón
82%
Ucrania
79%
Córcega
74%
Tierra del Fuego
71%
Hokkaido
62%
Lacio
56%
Laponia
56%
Bahía
35%
Odesa
35%
Brandeburgo
29%
Uttar Pradesh
29%
Nuevo Brunswick
26%
Hubei
12%
No se encontraron pruebas coincidentes
Distribución de puntuación
Porcentaje de gente con cada puntuación
Porcentaje por número respondido
Historial de tus puntuaciones
No has intentado esta prueba.